Catalog

Record Details

Catalog Search



Available copies

  • 8 of 9 copies available at LARL/NWRL Consortium.
  • 3 of 3 copies available at Lake Agassiz Regional Library. (Show preferred library)

Current holds

0 current holds with 9 total copies.

Show Only Available Copies
Location Call Number / Copy Notes Barcode Shelving Location Status Due Date
Ada Public Library Y MEY (Text) 33500014195150 Main Available -
Bagley Public Library Y MEY (Text) 33500012532115 Main Available -
Crookston Public Library Y MEY (Text) 33500014193452 Main Available -
Godel Memorial-Warren Library ya MEY (Text) 35500005523079 Main Available -
Godel Memorial-Warren Library ya MEY (Text) 35500006843443 Main Available -
Greenbush Public Library ya MEY (Text) 35500005918899 Main Available -
Red Lake Falls Public Library ya MEY (Text) 35500004084545 Main Available -
Thief River Falls Public Library ya MEY (Text) 35500005481666 Main Checked out 07/14/2026
Warroad Public Library ya MEY (Text) 35500006926347 Main Available -

Record details

  • ISBN: 9780316328142
  • ISBN: 9780316027656 (pbk.)
  • ISBN: 0316027650 (pbk.)
  • ISBN: 9780316160209 (hardcover)
  • ISBN: 0316160202 (hardcover)
  • ISBN: 9780316087360 (pbk.)
  • Physical Description: 629 p. ; 22 cm.
  • Edition: 1st ed.
  • Publisher: New York : Little, Brown, 2007.

Content descriptions

Summary, etc.:
Bella must choose between her friendship with ... Read More
Subject: Vampires > Fiction.
Werewolves > Fiction.
Interpersonal relations > Fiction.
High schools > Fiction.
Schools > Fiction.
Seattle (Wash.) > Fiction.
Washington (State) > Fiction.
LDR 02456cam a22005058a 4500
00180641
003LARL_NWRL_CONSORTIUM
00520250418191510.0
008070417s2007 nyu d 000 1 eng
020 . ‡a9780316328142
020 . ‡a9780316027656 (pbk.)
020 . ‡a0316027650 (pbk.)
020 . ‡a9780316160209 (hardcover)
020 . ‡a0316160202 (hardcover)
020 . ‡a9780316087360 (pbk.)
035 . ‡a(OCoLC)124031725
042 . ‡alcac
08200. ‡a[Fic] ‡222
1001 . ‡aMeyer, Stephenie, ‡d1973- ‡0(LARL_NWRL_CONSORTIUM)155013
24510. ‡aEclipse / ‡cby Stephenie Meyer.
250 . ‡a1st ed.
260 . ‡aNew York : ‡bLittle, Brown, ‡c2007.
300 . ‡a629 p. ; ‡c22 cm.
4900 . ‡aTwilight saga ; ‡v3
520 . ‡aBella must choose between her friendship with Jacob and her relationship with Edward, both vampires, but when Seattle is ravaged by a mysterious string of killings, the three of them need to decide whether their personal lives are more important than the well-being of an entire city.
650 1. ‡aVampires ‡vFiction. ‡0(LARL_NWRL_CONSORTIUM)167805
650 1. ‡aWerewolves ‡vFiction. ‡0(LARL_NWRL_CONSORTIUM)167924
650 1. ‡aInterpersonal relations ‡vFiction. ‡0(LARL_NWRL_CONSORTIUM)165331
650 1. ‡aHigh schools ‡vFiction. ‡0(LARL_NWRL_CONSORTIUM)169592
650 1. ‡aSchools ‡vFiction. ‡0(LARL_NWRL_CONSORTIUM)167222
651 1. ‡aSeattle (Wash.) ‡vFiction. ‡0(LARL_NWRL_CONSORTIUM)167255
651 1. ‡aWashington (State) ‡vFiction. ‡0(LARL_NWRL_CONSORTIUM)167966
901 . ‡a80641 ‡bOCLC ‡c80641 ‡tbiblio

Additional Resources